Statistics for Most Famous Marvel Characters

Click here to take the quiz!

General Stats

  • This quiz has been taken 153 times
  • The average score is 9 of 15

Answer Stats

HintAnswer% Correct
Iron Man
99%
Captain America
96%
Hulk
94%
Thor
91%
Black Widow
90%
Spiderman
88%
Hawkeye
86%
Wolverine
67%
Ant Man
53%
Human Torch
43%
Mr. Fantastic
42%
Wasp
31%
Nick Fury
28%
Iceman
18%
Jean Grey
10%

Score Distribution

Percentile by Number Answered

Percent of People with Each Score

Your Score History

You have not taken this quiz